| 000 | 00660cab a2200241 4500 | ||
|---|---|---|---|
| 001 | WB3338-18 | ||
| 008 | 090401t1997 xxu||||| |||| 00| 0 eng d | ||
| 035 | _a(Sirsi) u81206 | ||
| 041 | _aeng | ||
| 245 | _aDundee`s waste plant | ||
| 260 | _c1997 | ||
| 350 | _a0 | ||
| 490 |
_aHerald _v2 October 1997, 22(1) |
||
| 520 | _aA waste recycling plant to be built under the PFI in Dundee, has been given the final go-ahead. | ||
| 650 | _aDUNDEE | ||
| 650 | _aPFI | ||
| 650 | _aPRIVATE FINANCE INITIATIVE | ||
| 650 | _aSCOTLAND | ||
| 650 | _aWASTE RECYCLING PLANT | ||
| 690 | _aENVIRONMENTAL AND LAND CONSULTANCY | ||
| 942 | _n0 | ||
| 948 | _c02/10/1997 | ||
| 999 |
_c51176 _d51176 |
||